OMPO /

Saved in:
Bibliografiske detaljer
Hovedforfatter: Consoli, Massimo
Format: Serial
Sprog:engelsk
Udgivet: Roma [OMPO] 1975-
Serier:OMPO
Tags: Tilføj Tag
Ingen Tags, Vær først til at tagge denne postø!

MARC

LEADER 00000nas a2200000 4500
001 CDOM0000001764
003 mi
005 20251009141249.0
008 251009b |||||||| |||| 00| 0 eng d
040 |c mi 
100 |a Consoli, Massimo 
245 1 |a OMPO /  |c A cura di Massimo Consoli 
260 |a Roma  |b [OMPO]  |c 1975- 
300 |a vol.  |c 22 cm. 
490 |a OMPO 
500 |a Mensile, periodicità irregolare dal 1981. - Mancano: n. 94 (1986); n. 119-123 (1988); 1991; 1992; 163 (1993); 1993- 
942 |2 ddc  |c CR 
999 |c 7030  |d 7030